02805nam a22004457a 4500003000400000005001700004008004100021020001800062040000700080245014800087260004300235300001900278310001800297362001700315505008800332505010600420505006100526505017900587505005000766505006600816505010500882505014200987505011101129505018501240505007301425505006501498505009201563505007901655505007501734505007301809505007801882505006501960505007102025505008302096505006902179650002402248650001602272700003202288700003902320OSt20260304111944.0190228c xxut||p| |||| 00| 0 spa d a9789873048555 cPJ10aRevista de derecho privado y comunitario :bInflación : problemas y respuestas - II /cHéctor Alegría, Jorge Mosset Iturraspe directores. aSanta Fé :bRubinzal-Culzoni,c2024. a752 p.c22 cm. acuatrimestral aNo. 2 (2024) tContratos de locación de inmuebles frente a la inflación /rNicolás J. Negri. tInflación y seguros. necesidad de la indización de la suma asegurada /rMaría Fabiana Compiani. tAportes de capital e inflación /rLorena R. Schneider. tDistorsiones del régimen de la lcq en contexto inflacionario - el problema del artículo 127 de la lcq ante la inflación /r Iván G. Di Chiazza y Martín E. Ferreyra. tHonorarios e inflación /rCarlos E. Ribera. tLa inflación en los concursos y quiebras /r Diego J. Tula. tLas prestaciones de la lrt y la inflación conceptos y métodos de cálculo /rEmilio E. Romuald. tCuota alimentaria en períodos de depreciación monetaria e inflacionarios - inflación: problemas y respuestas /rMarcela Hee Eijo .  tDeuda de valor en pagarés: una estrategia ante la incertidumbre inflacionaria /rJosé Ignacio Pastore. tInflación, prohibición de indexación y redeterminación de precios - algunas consideraciones preliminares a propósito del decreto 490/2023 /r Ana Patricia Guglielminetti. tParte general /rJulio César Rivera Colaborador: Diego M. Fissore. tObligaciones /rAlberto J. Bueres Colaborador: Carlos Reyna. tContratos /rRicardo Luis Lorenzetti y Gonzalo Sozzo Colaborador: Mariano L. Churruarin tDerechos reales /rLeopoldo L. Peralta Mariscal Colaboradora: Mariana Rey. tFamilias /rAída Kemelmajer Colaboradora: María Angélica Correa. tSucesiones /rGraciela Medina Colaboradora: Andrea Inés Podestá. tConcursos /rJosé A. Di Tullio Colaborador: Eduardo Néstor Chiavassa. tSeguros /rHoracio Roitman Colaborador: José A. Di Tullio. tSociedades /rHéctor Alegria Colaborador: Nicolás J. Di Lella. tDerecho cambiario /rIván G. Di Chiazza Colaborador: José Ignacio Pastore. tDerechos humanos /rGraciela Medina Colaboradora: Gabriela Yuba. 0aECONOMIA Y FINANZAS 0aINFLACIÓN aAlegria, Héctoredirector aMosset Iturraspe, Jorge edirector